Carregant...
Peter Norton's Dos Guide
| Autor principal: | |
|---|---|
| Format: | Printed Book |
| Idioma: | Undetermined |
| Publicat: |
New Delhi
Prentice Hall of India Pvt. Ltd
1997
|
| LEADER | 00465nam a2200121Ia 4500 | ||
|---|---|---|---|
| 008 | 100907s9999 xx 000 0 und d | ||
| 100 | |a Norton, Peter | ||
| 245 | |a Peter Norton's Dos Guide | ||
| 260 | |b Prentice Hall of India Pvt. Ltd |a New Delhi |c 1997 | ||
| 300 | |a 744 | ||
| 942 | |c BK | ||
| 999 | |c 316638 |d 316638 | ||
| 952 | |0 0 |1 0 |4 0 |6 OO_4_000000000000000_NOR_PE |7 0 |9 362744 |a ECN |b ECN |c ST1 |d 2010-09-07 |e Current Books, Thrissur |g 0.00 |i 7148 |l 0 |o OO4 NOR/PE |p ECN7148 |r 2019-02-13 |w 2019-02-13 |y BK | ||